000 00506nam a22001457a 4500
082 _aBEE-2 AWA
100 _aMuhammad Awais Ehsan
_993250
245 _aTest bench development for a series HEV
260 _aIslamabad
_bNUST-SEECS
_c2014
300 _a43
_b25cm
_eCD ROM
500 _aSupervisors: Dr. Awais M. Kamboh, Mr. Habeel Ahmed, Dr. Syed Muhammad Raza Kazmi
700 _aMuhammad Haseeb Younus, Umair Aslam
_993251
856 _uhttp://10.250.8.41:8080/xmlui/handle/123456789/9477
942 _cPR
_2ddc
999 _c13027
_d13027